مكتبة جامعة عجلون الوطنية

فهرس بحث المكتبة

Normal view MARC view
  • القوى العاملة -سوق العمل - ادارة الافراد - تنمية الموارد- البلاد العربية - مؤتمرات

Entry Topical Term

Number of records used in: 1

001 - CONTROL NUMBER

  • control field: 52014

003 - CONTROL NUMBER IDENTIFIER

  • control field: JO-AjAnu

005 - DATE AND TIME OF LATEST TRANSACTION

  • control field: 20230606082543.0

008 - FIXED-LENGTH DATA ELEMENTS

  • fixed length control field: 230606|| aca||aabn | a|a d

040 ## - CATALOGING SOURCE

  • Original cataloging agency: JO-AjAnu
  • Transcribing agency: JO-AjAnu

150 ## - HEADING--TOPICAL TERM

  • Topical term or geographic name entry element: القوى العاملة -سوق العمل - ادارة الافراد - تنمية الموارد- البلاد العربية - مؤتمرات

670 ## - SOURCE DATA FOUND

  • Source citation: Work cat.: (JO-AjAnu)26583: المنظمة العربية للتنمية الادارية, author 52013, بناء القدرات البشرية العربية : بحوث و.أوراق عمل الملتقى العربي الأولى "إدارة الموارد البشرية - الأساليب الحديثة في تطور وبناء القدرات وورشة عمل "تقييم وتشكيل السلوكيات"، الشارقة، نوفمبر2008.....